[Event "Barcelona Sant Marti op-B 23rd"]
[Site "Barcelona"]
[Date "2023.07.20"]
[Round "8"]
[White "Marques Soriano, Valentin"]
[Black "Barbera Romero, Carles"]
[Result "1-0"]
[WhiteElo "1672"]
[BlackElo "1688"]
[PlyCount "71"]
[EventDate "2023.07.13"]
[EventType "swiss"]
[EventRounds "9"]
[EventCountry "ESP"]
[SourceTitle "CBM 215 Extra"]
[Source "ChessBase"]
[SourceDate "2023.09.30"]
[SourceVersion "1"]
[SourceVersionDate "2023.09.30"]
[SourceQuality "1"]

1. e4 c6 2. d4 d5 3. exd5 cxd5 4. Bd3 Nc6 5. c3 Nf6 6. Bf4 Bg4 7. Qb3 Qc8 8. Nd2 e6 9. Ne2 Be7 10. Ng3 0-0 11. h3 Bh5 12. Nxh5 Nxh5 13. Bh2 a6 14. Qd1 Nf6 15. 0-0 b5 16. Rc1 Qb7 17. Re1 Rac8 18. Nf3 b4 19. Be5 bxc3 20. bxc3 Na5 21. Qc2 g6 22. Qd2 Kg7 23. Nh2 Nc6 24. Ng4 Nxe5 25. Qh6+ Kh8 26. Rxe5 Nxg4 27. hxg4 Bd6 28. Rh5 f5 29. Rh1 Qg7 30. Qh3 Qf7 31. gxf5 gxf5 32. Be2 Qg7 33. Bxa6 Ra8 34. Bf1 Rxa2 35. Qe3 Qf6 36. Re1 1-0

[Event "Barcelona Sant Marti op-B 23rd"]
[Site "Barcelona"]
[Date "2023.07.15"]
[Round "3"]
[White "Barbera Romero, Carles"]
[Black "Pascual Gonzalez, Novelles David"]
[Result "1-0"]
[WhiteElo "1688"]
[BlackElo "1515"]
[PlyCount "111"]
[EventDate "2023.07.13"]
[EventType "swiss"]
[EventRounds "9"]
[EventCountry "ESP"]
[SourceTitle "CBM 215 Extra"]
[Source "ChessBase"]
[SourceDate "2023.09.30"]
[SourceVersion "1"]
[SourceVersionDate "2023.09.30"]
[SourceQuality "1"]

1. d4 d5 2. c4 c6 3. cxd5 cxd5 4. Nc3 e6 5. Bf4 Bd6 6. Bxd6 Qxd6 7. Nf3 Nf6 8. e3 Nc6 9. a3 0-0 10. Bd3 e5 11. dxe5 Nxe5 12. Nxe5 Qxe5 13. 0-0 Bg4 14. Be2 Bxe2 15. Nxe2 Qxb2 16. Nd4 Rac8 17. Qa4 Ne4 18. Rab1 Qc3 19. Rxb7 Nxf2 20. Rb3 Qd2 21. Rxf2 Rc1+ 22. Rf1 Rxf1+ 23. Kxf1 Qd1+ 24. Kf2 Qd2+ 25. Ne2 Qc2 26. Qb4 h6 27. Rc3 Qf5+ 28. Qf4 Qd7 29. Rc7 Qb5 30. Rxa7 Qc5 31. Rd7 Qxa3 32. Rxd5 Qb3 33. Rd7 Qe6 34. Rc7 Ra8 35. h3 Ra5 36. Nd4 Qa2+ 37. Rc2 Qd5 38. g4 Ra6 39. Rc8+ Kh7 40. Qf5+ Qxf5+ 41. Nxf5 Rf6 42. Kg3 h5 43. Nd4 hxg4 44. hxg4 Ra6 45. Rc7 Kg8 46. g5 Rg6 47. Kh4 f6 48. Nf3 fxg5+ 49. Nxg5 Kf8 50. e4 Ra6 51. Kg4 Rb6 52. Kf5 g6+ 53. Ke5 Rb5+ 54. Kf6 Rb6+ 55. Ne6+ Ke8 56. Re7# 1-0

[Event "Barcelona Sant Marti op-B 23rd"]
[Site "Barcelona"]
[Date "2023.07.14"]
[Round "2"]
[White "Ortuno Lopez, Jesus"]
[Black "Barbera Romero, Carles"]
[Result "1-0"]
[WhiteElo "1740"]
[BlackElo "1688"]
[PlyCount "39"]
[EventDate "2023.07.13"]
[EventType "swiss"]
[EventRounds "9"]
[EventCountry "ESP"]
[SourceTitle "CBM 215 Extra"]
[Source "ChessBase"]
[SourceDate "2023.09.30"]
[SourceVersion "1"]
[SourceVersionDate "2023.09.30"]
[SourceQuality "1"]

1. c4 c5 2. Nf3 Nc6 3. d4 cxd4 4. Nxd4 Nf6 5. Nc3 e6 6. Nc2 Be7 7. e4 a6 8. Be2 Qc7 9. 0-0 h6 10. a3 0-0 11. Ne3 b6 12. f3 Bb7 13. Bd2 d6 14. Be1 Rab8 15. Bf2 Bc8 16. Rc1 Bd7 17. Ncd5 exd5 18. cxd5 b5 19. dxc6 Bxc6 20. Nd5 1-0